<?xml version="1.0" encoding="UTF-8"?><?xml-stylesheet type="text/xsl" href="static/style.xsl"?><OAI-PMH xmlns="http://www.openarchives.org/OAI/2.0/" xmlns:xsi="http://www.w3.org/2001/XMLSchema-instance" xsi:schemaLocation="http://www.openarchives.org/OAI/2.0/ http://www.openarchives.org/OAI/2.0/OAI-PMH.xsd"><responseDate>2026-04-17T17:32:02Z</responseDate><request verb="GetRecord" identifier="oai:www.recercat.cat:20.500.14342/2272" metadataPrefix="marc">https://recercat.cat/oai/request</request><GetRecord><record><header><identifier>oai:recercat.cat:20.500.14342/2272</identifier><datestamp>2026-03-14T08:39:28Z</datestamp><setSpec>com_2072_482405</setSpec><setSpec>com_2072_183628</setSpec><setSpec>col_2072_482411</setSpec></header><metadata><record xmlns="http://www.loc.gov/MARC21/slim" xmlns:dcterms="http://purl.org/dc/terms/" xmlns:xsi="http://www.w3.org/2001/XMLSchema-instance" xmlns:doc="http://www.lyncode.com/xoai" xsi:schemaLocation="http://www.loc.gov/MARC21/slim http://www.loc.gov/standards/marcxml/schema/MARC21slim.xsd">
   <leader>00925njm 22002777a 4500</leader>
   <datafield ind2=" " ind1=" " tag="042">
      <subfield code="a">dc</subfield>
   </datafield>
   <datafield ind2=" " ind1=" " tag="720">
      <subfield code="a">Balcells, Anna</subfield>
      <subfield code="e">author</subfield>
   </datafield>
   <datafield ind2=" " ind1=" " tag="720">
      <subfield code="a">Giné Giné, Climent, 1948-</subfield>
      <subfield code="e">author</subfield>
   </datafield>
   <datafield ind2=" " ind1=" " tag="720">
      <subfield code="a">Guàrdia Olmos, Joan</subfield>
      <subfield code="e">author</subfield>
   </datafield>
   <datafield ind2=" " ind1=" " tag="720">
      <subfield code="a">Summers, Jean Ann</subfield>
      <subfield code="e">author</subfield>
   </datafield>
   <datafield ind2=" " ind1=" " tag="260">
      <subfield code="c">2016</subfield>
   </datafield>
   <datafield ind2=" " ind1=" " tag="520">
      <subfield code="a">In recent years, research on the families of persons with Intellectual Disability (ID)&#xd;
has focused on the factors that contribute to the improvement of their Family Quality of Life&#xd;
(FQoL), such as the support they get and their partnership with professionals. However, due to&#xd;
the complexity of the variables related to FQoL and support needs and adequacy, measuring&#xd;
these constructs is difficult and multidimensional. To do this, the aim of this study is to generate&#xd;
new indexes through a series of instruments and assess theirfeasibility to improve the evaluation&#xd;
process and not reduce the situation to single measurements. We applied 3 instruments adapted&#xd;
to the Spanish population --- Service Inventory, Beach Center Family-Professional Partnership&#xd;
Scale, and Beach Center FQOL --- to a sample of 202 families of children with ID and we studied&#xd;
the indexes. The results show that the new indexes were designed to make FQoL measurements&#xd;
more easily manageable and interpretable. In fact, we found a statistical significant correlation&#xd;
between partial indexes (p &lt; .001) in relation to the total score and very high sensibility of the&#xd;
indexes in relation to the degree of disability (p &lt; .001). They also facilitate conducting complex&#xd;
analyses without having to discard any relevant measurement dimension.</subfield>
   </datafield>
   <datafield ind2=" " ind1=" " tag="520">
      <subfield code="a">En los últimos anos, ˜ la investigación sobre las familias de las personas con discapacidad&#xd;
intelectual se ha centrado en los factores que contribuyen a la mejora de su calidad de vida&#xd;
familiar (CdVF), como, por ejemplo, los apoyos que estos reciben por parte de los servicios y la colaboración con los profesionales. Debido a la complejidad de estos constructos, su medición&#xd;
es difícil y multidimensional. El objetivo de este estudio es generar nuevos índices para&#xd;
una serie de instrumentos y valorar su viabilidad para mejorar el proceso de evaluación y no&#xd;
reducir la valoración a una única medida. Para ello, se aplicaron 3 instrumentos adaptados a la&#xd;
población espanola: ˜ el Inventario de Apoyos, la Escala de Colaboración Familias-Profesionales&#xd;
y la Escala de CdVF a una muestra de 202 familias de ninos ˜ con discapacidad intelectual, y&#xd;
los índices fueron estudiados. Los resultados muestran que los índices fueron disenados ˜ para&#xd;
hacer más fácil el manejo e interpretación de las medidas de CdVF. De hecho, encontramos correlaciones&#xd;
estadísticamente significativas entre los índices parciales (p &lt; 0,001) y la puntuación&#xd;
total, y una muy alta sensibilidad con el grado de discapacidad (p &lt; 0,001). Estos también facilitan&#xd;
la realización de análisis complejos sin tener que descartar ninguna dimensión de medida&#xd;
relevante.</subfield>
   </datafield>
   <datafield ind1="8" ind2=" " tag="024">
      <subfield code="a">http://hdl.handle.net/20.500.14342/2272</subfield>
   </datafield>
   <datafield ind1="8" ind2=" " tag="024">
      <subfield code="a">https://doi.org/10.1016/j.rips.2015.10.005</subfield>
   </datafield>
   <datafield tag="653" ind2=" " ind1=" ">
      <subfield code="a">Discapacitats mentals</subfield>
   </datafield>
   <datafield tag="653" ind2=" " ind1=" ">
      <subfield code="a">Família</subfield>
   </datafield>
   <datafield tag="653" ind2=" " ind1=" ">
      <subfield code="a">Qualitat de vida</subfield>
   </datafield>
   <datafield tag="653" ind2=" " ind1=" ">
      <subfield code="a">Serveis a les famílies</subfield>
   </datafield>
   <datafield ind2="0" ind1="0" tag="245">
      <subfield code="a">Proposal of indexes to evaluate Family Quality of Life, Partnership, and Family support needs</subfield>
   </datafield>
</record></metadata></record></GetRecord></OAI-PMH>